Địa lí 8

Saved in:
Bibliographic Details
Format: Book
Language:Undetermined
Published: Hà Nội Giáo Dục 2006
Subjects:
Tags: Add Tag
No Tags, Be the first to tag this record!
Institutions: Trung tâm Học liệu Trường Đại học Cần Thơ
LEADER 00547nam a2200193Ia 4500
001 CTU_116671
008 210402s9999 xx 000 0 und d
020 |c 9000 
082 |a 910.712 
082 |b Đ301/L8 
245 0 |a Địa lí 8 
245 0 |c Nguyễn Dược ... [et al.] 
260 |a Hà Nội 
260 |b Giáo Dục 
260 |c 2006 
650 |a Geography 
650 |x Study and teaching 
904 |i (Tuyến sửa số pl 910.0712 thành 910.712) 
980 |a Trung tâm Học liệu Trường Đại học Cần Thơ